000 00432nmm a2200157Ia 4500
008 251105s9999||||xx |||||||||||||||||und||
041 _aspa
100 _aAlgorri, Luís
245 0 _aAlgún día te escribiré esto
264 _a[Madrid, España] :
_bEditorial Egales,
_c2018
300 _a153 páginas
490 _aNarrativa
650 _aRomance
856 _uhttps://public.digitaliapublishing.com/a/163260
942 _cCF
999 _c100204
_d100204